00253nam a22000977a 4500020001800000082001400018100002900032245003600061260004200097650001600139 a9788189267940 a305.8 MIS aMisra P.D.aBeena Misra  aSocial work profession in India aLucknowbNew Royal Book Companyc2015 asocial work